[Event "GRE-chT 46th"]
[Site "Rio Achaia"]
[Date "2018.07.11"]
[Round "2.16"]
[White "Tsagaropoulos, Spyridon"]
[Black "Papageorgiou, Ioannis2222"]
[Result "1-0"]
[WhiteElo "2052"]
[BlackElo "1983"]
[PlyCount "119"]
[EventDate "2018.07.10"]
[EventType "team"]
[EventRounds "7"]
[EventCountry "GRE"]
[SourceTitle "CBM 185 Extra"]
[Source "ChessBase"]
[SourceDate "2018.07.29"]
[SourceVersion "1"]
[SourceVersionDate "2018.07.29"]
[SourceQuality "1"]
[WhiteTeam "You Go You"]
[BlackTeam "Ioannites Skakiston"]
[WhiteTeamCountry "GRE"]
[BlackTeamCountry "GRE"]

1. e4 c5 2. Nf3 e6 3. b3 d5 4. exd5 exd5 5. Bb5+ Bd7 6. Qe2+ Qe7 7. 0-0 Qxe2 8. Bxe2 Nc6 9. Bb2 f6 10. d4 0-0-0 11. Rd1 Bf5 12. Rd2 Nh6 13. Nc3 cxd4 14. Nxd4 Nxd4 15. Rxd4 Bxc2 16. Rc1 Bf5 17. Rxd5 Rxd5 18. Nxd5+ Kb8 19. h3 Bd6 20. Bf3 Nf7 21. Rd1 Be5 22. Ba3 Rd8 23. g4 Ng5 24. Bg2 Bc2 25. Rc1 Be4 26. Bxe4 Nxe4 27. Rd1 Ng5 28. Kg2 Ne6 29. Bc1 Bd4 30. Nf4 Be5 31. Rxd8+ Nxd8 32. Nd5 Kc8 33. Be3 b6 34. f4 Bd6 35. Kf3 Kd7 36. Ke4 Nf7 37. Nc3 Bb4 38. Ne2 g6 39. Kd5 Nd6 40. a4 Nc8 41. Kc4 Bd6 42. Kb5 Kc7 43. Ka6 Kb8 44. Nc3 f5 45. Nd5 fxg4 46. hxg4 h5 47. f5 gxf5 48. gxh5 Ne7 49. Nxe7 Bxe7 50. a5 Kc7 51. h6 Bf6 52. axb6+ axb6 53. b4 Kd6 54. b5 Ke5 55. Bxb6 f4 56. Bc7+ Kf5 57. Bxf4 Kxf4 58. b6 Kg5 59. b7 Be5 60. h7 1-0

[Event "Aegean op 36th"]
[Site "Aghios Kirykos"]
[Date "2013.07.19"]
[Round "8"]
[White "Tsagaropoulos, Spyridon"]
[Black "Abatzis, Antonios"]
[Result "1/2-1/2"]
[WhiteElo "1982"]
[BlackElo "1894"]
[PlyCount "74"]
[EventDate "2013.07.15"]
[EventType "swiss"]
[EventRounds "9"]
[EventCountry "GRE"]
[SourceTitle "EXT 2014"]
[Source "ChessBase"]
[SourceDate "2013.11.20"]
[SourceVersion "1"]
[SourceVersionDate "2013.11.20"]
[SourceQuality "1"]

1. f4 d5 2. Nf3 Nf6 3. e3 c6 4. b3 e6 5. Bb2 Nbd7 6. Be2 Be7 7. 0-0 0-0 8. Qe1 a6 9. Qg3 Ne8 10. Nc3 f6 11. Nd4 Nb8 12. Bd3 f5 13. Nf3 c5 14. Kh1 Nc6 15. a3 Bf6 16. Qh3 b5 17. Rfe1 Nd6 18. Bf1 Rb8 19. d3 a5 20. Nd1 c4 21. Ne5 Qc7 22. Rc1 Ba6 23. Nf2 Rb6 24. Bd4 Rb7 25. Qf3 Bxe5 26. Bxe5 Nxe5 27. fxe5 Nf7 28. d4 Ng5 29. Qg3 Qe7 30. b4 h6 31. c3 Qd8 32. Be2 Re7 33. Bf3 Bc8 34. Rf1 g6 35. Rg1 Rg7 36. Rcf1 a4 37. Nd1 Bd7 1/2-1/2

[Event "Aegean op 33rd"]
[Site "Aghios Kirykos"]
[Date "2010.07.19"]
[Round "7"]
[White "Parginos, Vassilios"]
[Black "Tsagaropoulos, Spyridon"]
[Result "1-0"]
[WhiteElo "2227"]
[BlackElo "2051"]
[PlyCount "91"]
[EventDate "2010.07.13"]
[EventType "swiss"]
[EventRounds "9"]
[EventCountry "GRE"]
[SourceTitle "CBM 137 Extra"]
[Source "ChessBase"]
[SourceDate "2010.09.01"]
[SourceVersion "1"]
[SourceVersionDate "2010.09.01"]
[SourceQuality "1"]

1. d4 f5 2. Nc3 Nf6 3. e4 fxe4 4. Bg5 e6 5. f3 e3 6. Bxe3 Bb4 7. Qd2 c5 8. a3 Qa5 9. Rd1 Bxc3 10. Qxc3 Qxc3+ 11. bxc3 cxd4 12. cxd4 b6 13. Ne2 Nc6 14. Nc3 Ne7 15. Nb5 Ned5 16. Bd2 a6 17. Nd6+ Ke7 18. Ne4 b5 19. Bd3 d6 20. 0-0 Bd7 21. Rfe1 Rac8 22. Rb1 Rc6 23. a4 Rb8 24. axb5 axb5 25. c4 bxc4 26. Rxb8 cxd3 27. Rb3 Rc2 28. Rd1 Ba4 29. Rxd3 Ra2 30. Re1 Bc2 31. Nc3 Ra6 32. Nxd5+ Nxd5 33. Bg5+ Kf7 34. Rd2 Bf5 35. g4 Bg6 36. Rb2 Ra7 37. Rbe2 h6 38. Bc1 Nb4 39. f4 h5 40. h3 Nc2 41. f5 Nxe1 42. fxg6+ Kxg6 43. Rxe6+ Kf7 44. Rxe1 hxg4 45. hxg4 Ra2 46. Be3 1-0

[Event "Aegean op 33rd"]
[Site "Aghios Kirykos"]
[Date "2010.07.18"]
[Round "6"]
[White "Tsagaropoulos, Spyridon"]
[Black "Soursos, Panayotis"]
[Result "1-0"]
[WhiteElo "2051"]
[BlackElo "1704"]
[PlyCount "53"]
[EventDate "2010.07.13"]
[EventType "swiss"]
[EventRounds "9"]
[EventCountry "GRE"]
[SourceTitle "CBM 137 Extra"]
[Source "ChessBase"]
[SourceDate "2010.09.01"]
[SourceVersion "1"]
[SourceVersionDate "2010.09.01"]
[SourceQuality "1"]

1. e4 d6 2. d4 Nd7 3. Nc3 c5 4. Nf3 cxd4 5. Nxd4 Ngf6 6. Bc4 a6 7. a4 Qc7 8. Qe2 Nb6 9. Bd3 e6 10. 0-0 Be7 11. f4 0-0 12. Kh1 Rd8 13. Be3 Nbd7 14. Nb3 Nc5 15. Nxc5 dxc5 16. Rae1 Bd7 17. b3 Bc6 18. Qf3 b6 19. Qh3 e5 20. fxe5 Qxe5 21. Nd5 Bd7 22. Nxe7+ Qxe7 23. Qh4 Re8 24. e5 Qxe5 25. Bg5 Qc3 26. Bxf6 Rxe1 27. Qxh7+ 1-0

[Event "Aegean op 33rd"]
[Site "Aghios Kirykos"]
[Date "2010.07.16"]
[Round "5"]
[White "Kostianis, Georgios"]
[Black "Tsagaropoulos, Spyridon"]
[Result "1/2-1/2"]
[WhiteElo "2186"]
[BlackElo "2051"]
[PlyCount "72"]
[EventDate "2010.07.13"]
[EventType "swiss"]
[EventRounds "9"]
[EventCountry "GRE"]
[SourceTitle "CBM 137 Extra"]
[Source "ChessBase"]
[SourceDate "2010.09.01"]
[SourceVersion "1"]
[SourceVersionDate "2010.09.01"]
[SourceQuality "1"]

1. d4 d5 2. c4 e6 3. Nc3 Nf6 4. Bg5 Be7 5. Nf3 0-0 6. e3 Nbd7 7. Bd3 c6 8. 0-0 dxc4 9. Bxc4 b5 10. Bd3 a6 11. Ne5 Bb7 12. f4 c5 13. Nxd7 Nxd7 14. Bxe7 Qxe7 15. Be4 Bxe4 16. Nxe4 Rfd8 17. Rc1 cxd4 18. Qxd4 Nf8 19. Qc5 Qxc5 20. Rxc5 Rd3 21. Rc3 Rxc3 22. Nxc3 Nd7 23. Rd1 Nb6 24. Kf2 Kf8 25. Ne4 Ke7 26. Rc1 Nd5 27. Kf3 h5 28. g3 a5 29. Rc5 b4 30. a4 g6 31. Rb5 Ra7 32. Nc5 f5 33. Rb7+ Rxb7 34. Nxb7 Nb6 35. b3 Nxa4 36. Nxa5 Nc5 1/2-1/2

[Event "Athens op"]
[Site "Athens"]
[Date "2008.06.21"]
[Round "8"]
[White "Tsagaropoulos, Spyridon"]
[Black "Fotiadis, Ioannis"]
[Result "1/2-1/2"]
[WhiteElo "2046"]
[BlackElo "1699"]
[PlyCount "87"]
[EventDate "2008.06.14"]
[EventType "swiss"]
[EventRounds "9"]
[EventCountry "GRE"]
[SourceTitle "CBM 125 Extra"]
[Source "ChessBase"]
[SourceDate "2008.09.01"]
[SourceVersion "1"]
[SourceVersionDate "2008.09.01"]
[SourceQuality "1"]

1. e4 c5 2. Nf3 d6 3. d4 cxd4 4. Nxd4 Nf6 5. Nc3 Nc6 6. Bg5 Bd7 7. Be2 Qa5 8. Bxf6 gxf6 9. f4 Rg8 10. g3 Rc8 11. Nb3 Qd8 12. Qd2 Bh6 13. 0-0-0 Ne5 14. Kb1 Ng4 15. Rhf1 f5 16. Qd3 fxe4 17. Nxe4 Qb6 18. Nec5 Rxc5 19. Nxc5 Qxc5 20. Qxh7 Rg6 21. Rd3 Nf6 22. Qh8+ Bf8 23. Rc3 Qxc3 24. bxc3 Rh6 25. Qxh6 Bxh6 26. f5 Ne4 27. Kb2 Bg7 28. Bd3 Bxc3+ 29. Kc1 Bc6 30. g4 Bd2+ 31. Kb2 Bg5 32. c4 Nd2 33. Rf2 Nf3 34. Be2 Ne5 35. Kc3 Be3 36. Rf1 Bg2 37. Rb1 b6 38. h4 Kf8 39. g5 Kg7 40. Rd1 Be4 41. Rf1 Bg2 42. Rd1 Be4 43. Rf1 Bg2 44. Rd1 1/2-1/2

[Event "Ambelokipi op 88th"]
[Site "Athens"]
[Date "2008.06.02"]
[Round "1"]
[White "Tsagaropoulos, Spyridon"]
[Black "Tsiros, Dimitrios"]
[Result "1-0"]
[WhiteElo "2057"]
[BlackElo "1560"]
[PlyCount "39"]
[EventDate "2008.06.02"]
[EventType "swiss"]
[EventRounds "7"]
[EventCountry "GRE"]
[SourceTitle "EXT 2010"]
[Source "ChessBase"]
[SourceDate "2010.11.25"]
[SourceVersion "1"]
[SourceVersionDate "2010.11.25"]
[SourceQuality "1"]

1. e4 e5 2. Nf3 Nc6 3. Bb5 d6 4. c3 Bd7 5. 0-0 Nf6 6. Re1 g6 7. d4 Bg7 8. Bg5 exd4 9. cxd4 Qc8 10. e5 Nd5 11. exd6+ Be6 12. Nc3 Nxc3 13. bxc3 Kf8 14. d5 Bxc3 15. dxe6 fxe6 16. d7 Qb8 17. Rxe6 Kf7 18. Qd5 Bxa1 19. Re7+ Kf8 20. Qf7# 1-0

[Event "Ambelokipi op 85th"]
[Site "Athens"]
[Date "2008.03.11"]
[Round "1"]
[White "Tsagaropoulos, Spyridon"]
[Black "Karatzanos, Konstantinos"]
[Result "1-0"]
[WhiteElo "2057"]
[BlackElo "1453"]
[PlyCount "87"]
[EventDate "2008.03.11"]
[EventType "swiss"]
[EventRounds "7"]
[EventCountry "GRE"]
[SourceTitle "EXT 2010"]
[Source "ChessBase"]
[SourceDate "2010.11.25"]
[SourceVersion "1"]
[SourceVersionDate "2010.11.25"]
[SourceQuality "1"]

1. e4 d5 2. exd5 Nf6 3. d4 Nxd5 4. c4 Nf6 5. Nf3 c6 6. Nc3 e6 7. Be2 Bd6 8. Bg5 Nbd7 9. 0-0 0-0 10. Qc2 Re8 11. Rad1 Be7 12. Rfe1 Nb6 13. h3 h6 14. Bf4 Nh5 15. Bh2 Nf6 16. Ne5 Nbd7 17. Bf3 Qa5 18. Nd3 Nb6 19. Bc7 Qa6 20. b3 Nbd7 21. Na4 Nb6 22. Nac5 Bxc5 23. dxc5 Nbd7 24. Qb2 b5 25. Nb4 Qb7 26. Bd6 Nb8 27. Bxb8 Qxb8 28. Nxc6 Qc7 29. Ne7+ Qxe7 30. Bxa8 Ba6 31. Bc6 Rc8 32. cxb5 Bb7 33. Bxb7 Qxb7 34. b6 axb6 35. cxb6 Qxb6 36. Rc1 Rd8 37. b4 Nd5 38. b5 Nf4 39. Red1 Nd3 40. Qd2 Nxc1 41. Qxd8+ Qxd8 42. Rxd8+ Kh7 43. b6 Nxa2 44. b7 1-0

[Event "Ambelokipi op 84th"]
[Site "Athens"]
[Date "2008.02.02"]
[Round "7"]
[White "Delithanasis, Dimitrios"]
[Black "Tsagaropoulos, Spyridon"]
[Result "1/2-1/2"]
[WhiteElo "2217"]
[BlackElo "2057"]
[PlyCount "183"]
[EventDate "2008.01.12"]
[EventType "swiss"]
[EventRounds "7"]
[EventCountry "GRE"]
[SourceTitle "EXT 2010"]
[Source "ChessBase"]
[SourceDate "2010.11.25"]
[SourceVersion "1"]
[SourceVersionDate "2010.11.25"]
[SourceQuality "1"]

1. Nf3 Nf6 2. g3 g6 3. c4 Bg7 4. Nc3 d6 5. Bg2 0-0 6. 0-0 Nc6 7. d4 a6 8. Bf4 Rb8 9. Rc1 Nh5 10. Be3 h6 11. Qd2 Kh7 12. d5 Ne5 13. Nxe5 dxe5 14. Bf3 Bh3 15. Rfd1 f5 16. Bxh5 gxh5 17. f4 h4 18. Kf2 Rg8 19. Rg1 Qd6 20. c5 Qg6 21. fxe5 Bxe5 22. Bf4 Qf6 23. Bxe5 Qxe5 24. Qf4 hxg3+ 25. hxg3 Qxf4+ 26. gxf4 h5 27. Rh1 Bg4 28. e4 fxe4 29. Nxe4 Rbf8 30. Ke3 Rf5 31. d6 exd6 32. cxd6 cxd6 33. Nxd6 Rd5 34. Nf7 Re8+ 35. Ne5 Re7 36. Rc2 Kh6 37. Rg2 Rdxe5+ 38. fxe5 Rxe5+ 39. Kd4 Ra5 40. b4 Bf3 41. bxa5 Bxg2 42. Rg1 Bc6 43. Ke5 h4 44. Rg4 Kh5 45. Kf4 h3 46. Rg8 Bg2 47. a3 Kh6 48. Kf5 Kh7 49. Rg4 Kh6 50. Kf4 Kh5 51. Kg3 Kh6 52. Rg8 Kh7 53. Rg4 Kh6 54. Kh2 Kh5 55. Rg8 Kh6 56. Kg1 Kh7 57. Rg3 Kh6 58. Kf2 Kh5 59. Rg8 Kh6 60. Kg1 Kh7 61. Rg3 Kh6 62. Kf2 Kh5 63. Rg8 Kh6 64. Ke3 Kh7 65. Rg4 Kh6 66. Kf4 Kh5 67. Rg8 Kh6 68. Kf5 Kh7 69. Rg4 Kh6 70. a4 Kh5 71. Rg5+ Kh4 72. Rg4+ Kh5 73. Rg8 Kh6 74. Kf6 Kh5 75. Kf5 Kh6 76. Rh8+ Kg7 77. Rh4 Bf1 78. Rg4+ Kh6 79. Rd4 Bg2 80. Rh4+ Kg7 81. Rg4+ Kf7 82. Rh4 Ke7 83. Ke5 Kf7 84. Kf5 Ke7 85. Rh6 Kd7 86. Ke5 Bf1 87. Rd6+ Kc7 88. Rh6 Bg2 89. Kd4 Kd7 90. Ke5 Bf1 91. Rd6+ Kc7 92. Rh6 1/2-1/2

[Event "Ambelokipi op 84th"]
[Site "Athens"]
[Date "2008.01.26"]
[Round "5"]
[White "Kotrotsos, Vasilios"]
[Black "Tsagaropoulos, Spyridon"]
[Result "1-0"]
[WhiteElo "2337"]
[BlackElo "2057"]
[PlyCount "65"]
[EventDate "2008.01.12"]
[EventType "swiss"]
[EventRounds "7"]
[EventCountry "GRE"]
[SourceTitle "EXT 2010"]
[Source "ChessBase"]
[SourceDate "2010.11.25"]
[SourceVersion "1"]
[SourceVersionDate "2010.11.25"]
[SourceQuality "1"]

1. e4 c5 2. Nf3 Nc6 3. Bb5 g6 4. c3 Bg7 5. d4 cxd4 6. cxd4 a6 7. Bxc6 dxc6 8. h3 Nf6 9. Nc3 0-0 10. 0-0 b5 11. e5 Nd5 12. Ne4 f6 13. Nc5 fxe5 14. Nxe5 Qd6 15. Re1 Rf5 16. Ncd3 Bb7 17. Qb3 Raf8 18. g4 R5f6 19. Bg5 Kh8 20. Bxf6 Bxf6 21. Nc5 Bc8 22. Qg3 Bg7 23. Ncd3 Bh6 24. Rad1 Nf4 25. Nxf4 Bxf4 26. Qg2 Qf6 27. Nxc6 Bb7 28. d5 Bd6 29. Re2 Qg5 30. Rde1 h5 31. Nxe7 Rf6 32. Nc6 Rf7 33. Nd8 1-0

[Event "Ambelokipi op 84th"]
[Site "Athens"]
[Date "2008.01.19"]
[Round "3"]
[White "Tsagaropoulos, Spyridon"]
[Black "Kesoglou, Konstantinos"]
[Result "0-1"]
[WhiteElo "2057"]
[BlackElo "2118"]
[PlyCount "110"]
[EventDate "2008.01.12"]
[EventType "swiss"]
[EventRounds "7"]
[EventCountry "GRE"]
[SourceTitle "EXT 2010"]
[Source "ChessBase"]
[SourceDate "2010.11.25"]
[SourceVersion "1"]
[SourceVersionDate "2010.11.25"]
[SourceQuality "1"]

1. e4 c5 2. Nf3 Nc6 3. d4 cxd4 4. Nxd4 e6 5. Nc3 d6 6. Be2 Nf6 7. 0-0 Be7 8. Be3 a6 9. a4 0-0 10. f4 Qc7 11. Nb3 b6 12. Bf3 Bb7 13. Qe1 Nd7 14. g4 Nb4 15. Rc1 d5 16. exd5 exd5 17. Nd4 Rfe8 18. Qf2 Bc5 19. Bg2 Nf6 20. h3 Re7 21. Qd2 Rae8 22. Bf2 Ne4 23. Nxe4 dxe4 24. Be3 Nd5 25. c3 Nxe3 26. Qxe3 Qd7 27. b3 Rd8 28. Rcd1 b5 29. axb5 axb5 30. Kh1 b4 31. Qe2 Qc8 32. Nf5 Re6 33. Rxd8+ Qxd8 34. cxb4 Bxb4 35. Rd1 Qa8 36. Qb2 Bf8 37. Ra1 Qb8 38. Nd4 Re8 39. f5 e3 40. f6 Bxg2+ 41. Qxg2 Qe5 42. Rd1 e2 43. Nxe2 Qxe2 44. Qxe2 Rxe2 45. fxg7 Kxg7 46. Rd3 Be7 47. Rf3 Rb2 48. Kg1 Bd6 49. Kf1 Kg6 50. Ke1 Rg2 51. Kf1 Rg3 52. Kf2 Rxf3+ 53. Kxf3 Kg5 54. Ke4 Be7 55. Ke5 h6 0-1

[Event "Ambelokipi op 81st"]
[Site "Athens"]
[Date "2007.10.15"]
[Round "3"]
[White "Tsagaropoulos, Spyridon"]
[Black "Koerant, Filipos"]
[Result "1-0"]
[WhiteElo "1881"]
[BlackElo "2163"]
[PlyCount "53"]
[EventDate "2007.10.06"]
[EventType "swiss"]
[EventRounds "6"]
[EventCountry "GRE"]
[SourceTitle "EXT 2008"]
[Source "ChessBase"]
[SourceDate "2007.11.25"]
[SourceVersion "1"]
[SourceVersionDate "2007.11.25"]
[SourceQuality "1"]

1. e4 Nf6 2. e5 Nd5 3. c4 Nb6 4. c5 Nd5 5. Bc4 e6 6. Nc3 c6 7. Ne4 b6 8. Nd6+ Bxd6 9. cxd6 Ba6 10. d3 0-0 11. Qg4 f6 12. Bh6 Rf7 13. Nf3 Kh8 14. Bd2 c5 15. 0-0 Bb7 16. Rae1 Nc6 17. Qh5 g6 18. Qh3 Nxe5 19. Rxe5 fxe5 20. Nxe5 Qf6 21. Bxd5 exd5 22. Nxf7+ Qxf7 23. Bg5 Re8 24. Be7 d4 25. Qxd7 Bd5 26. Bf6+ Kg8 27. Qxf7+ 1-0

[Event "Ambelokipi op 81st"]
[Site "Athens"]
[Date "2007.10.06"]
[Round "1"]
[White "Tsagaropoulos, Spyridon"]
[Black "Theodosakis, Emanuel"]
[Result "1-0"]
[WhiteElo "1881"]
[BlackElo "1484"]
[PlyCount "81"]
[EventDate "2007.10.06"]
[EventType "swiss"]
[EventRounds "6"]
[EventCountry "GRE"]
[SourceTitle "EXT 2008"]
[Source "ChessBase"]
[SourceDate "2007.11.25"]
[SourceVersion "1"]
[SourceVersionDate "2007.11.25"]
[SourceQuality "1"]

1. e4 d5 2. exd5 Nf6 3. d4 Nxd5 4. c4 Nb6 5. Nc3 g6 6. h3 Bg7 7. Nf3 0-0 8. Be2 Nc6 9. Be3 e5 10. d5 Ne7 11. 0-0 Nf5 12. Bc5 Re8 13. Qd2 Nd7 14. Ba3 e4 15. Nh2 e3 16. fxe3 Nxe3 17. Rf2 Nb6 18. Bc5 Nbxc4 19. Bxc4 Nxc4 20. Qf4 Ne5 21. Rd1 f5 22. d6 g5 23. Qb4 b6 24. dxc7 Qxc7 25. Bd4 Be6 26. Nb5 Qd7 27. Qa4 Qe7 28. Re2 Bd7 29. Rde1 Bxb5 30. Qxb5 a6 31. Qd5+ Qf7 32. Qxf7+ Kxf7 33. Bxe5 Rxe5 34. Rxe5 Bxe5 35. Rxe5 Kf6 36. Re2 h5 37. Rc2 Rb8 38. Rc6+ Ke5 39. Nf3+ Kf4 40. Kf2 g4 41. Rc4# 1-0